Mapa administracyjna Polski - Miasta - Statystyki

Ogólne statystyki
  • Ten quiz został rozwiązany 122 razy
  • Średni wynik to 18 z 71
Odpowiedzi na mapie
Odpowiedzi zakodowano w zielono-czerwonej skali na mapie do tego quizu, zgodnie z poniższymi procentami.
 
Statystyki odpowiedzi
Odpowiedź % Poprawnych
Olsztyn
67%
Poznań
63%
Częstochowa
50%
Szczecin
50%
Bydgoszcz
46%
Kielce
46%
Łeba
46%
Łódź
46%
Piotrków Trybunalski
46%
Sopot
42%
Warszawa
42%
Zielona Góra
42%
Elbląg
38%
Gdynia
38%
Gniezno
38%
Koszalin
38%
Włocławek
38%
Kołobrzeg
33%
Lublin
33%
Świnoujście
33%
Toruń
33%
Wrocław
33%
Gorzów Wlkp.
29%
Kalisz
29%
Katowice
29%
Konin
29%
Mikołajki
29%
Ustrzyki Górne
29%
Zakopane
29%
Białystok
25%
Ciechocinek
25%
Kraków
25%
Łomża
25%
Łowicz
25%
Opole
25%
Słupsk
25%
Suwałki
25%
Biała Podlaska
21%
Gdańsk
21%
Karpacz
21%
Kudowa Zdr.
21%
Płock
21%
Radom
21%
Rzeszów
21%
Sandomierz
21%
Tarnobrzeg
21%
Wieliczka
21%
Augustów
17%
Chełm
17%
Nowy Sącz
17%
Nowy Targ
17%
Przemyśl
17%
Siedlce
17%
Bielsko - Biała
13%
Jelenia Góra
13%
Kłodzko
13%
Krosno
13%
Legnica
13%
Lubin
13%
Szklarska Poręba
13%
Tarnów
13%
Zgorzelec
13%
Duszniki Zdr.
8%
Jasło
8%
Nysa
8%
Szczawnica
8%
Wałbrzych
8%
Zamość
8%
Żywiec
8%
Racibórz
4%
Krynica
0%
Nie znaleziono quizów pasujących do podanych kryteriów
Rozkład punktacji
Procent ludzi z każdym wynikiem
Percentyl według liczby udzielonych odpowiedzi
Twoja historia wyników
Nie rozwiązałeś tego quizu